| 000 | 00535nam a2200121Ia 4500 | ||
|---|---|---|---|
| 008 | 220615s9999||||xx |||||||||||||| ||und|| | ||
| 100 | _aCleland Silva, Tricia||de Tarso Fonseca Silva, Paulo | ||
| 245 | 0 |
_aMaking Sense of Work Through Collaborative Storytelling _bBuilding Narratives in Organisational Change |
|
| 546 | _aEnglish[eng] | ||
| 650 | _astrategy||collaboration||inclusion||management||qualitative methods||Open Access | ||
| 856 | _uhttps://library.oapen.org/bitstream/20.500.12657/52843/1/978-3-030-89446-7.pdf | ||
| 942 | _cEB | ||
| 999 |
_c15022 _d15022 |
||